000 00386nam a22001577a 4500
005 20180613171758.0
008 160512b xxu||||| |||| 00| 0 eng d
041 _aeng
082 _b1738
_a657.42
100 _aBanerjee, Bhabatosh
_92271
245 _aCost Accounting (Theory & Practice)
260 _aNew Delhi
_bPHI,
_c2006
300 _a972
650 _aManagement
_9241
942 _cBK
999 _c670
_d670